00613nam a22001817a 450000500170000001000170001702000230003402000260005703500170008303700210010008200130012110000210013424501210015526000360027627000430031230000260035550000500038120120206110714.0 aB-452404-408 a8125030476c425.00 a9788125030478c425.00 aB-452404-408 bVirtuous Pub/Ven a332.1532 aGoldman, Michael aImperial nature :cby Michael Goldmanbthe world bank and struggles for social justice in the age of globalization / aNew DelhibOrient Longmanc2005 a1/24 Asaf Ali Road,bNew Delhie110002 axxiv,360p.c22cm(pbk) aIncludes bibliographical references and index